[Event "SWE-chT 1920 Elite"]
[Site "Sweden"]
[Date "2020.02.02"]
[Round "4"]
[White "Ong, Kezli"]
[Black "Hedman, Erik"]
[Result "0-1"]
[WhiteElo "2314"]
[BlackElo "2371"]
[PlyCount "122"]
[EventDate "2019.10.18"]
[EventType "team-tourn"]
[EventRounds "9"]
[EventCountry "SWE"]
[SourceTitle "EXT 2023"]
[Source "ChessBase"]
[SourceDate "2022.10.05"]
[SourceVersion "1"]
[SourceVersionDate "2022.10.05"]
[SourceQuality "1"]
[WhiteTeam "Farsta"]
[BlackTeam "Stockholm Rockaden"]
[WhiteTeamCountry "SWE"]
[BlackTeamCountry "SWE"]

1. e4 c6 2. d4 d5 3. Nc3 dxe4 4. Nxe4 Nf6 5. Nxf6+ exf6 6. c3 Bd6 7. Bd3 0-0 8. Qc2 Re8+ 9. Ne2 h5 10. Be3 Nd7 11. 0-0-0 Nf8 12. Rhe1 Be6 13. Kb1 b5 14. Be4 Qd7 15. Ka1 Bd5 16. Bxd5 cxd5 17. Nf4 Bxf4 18. Bxf4 Ng6 19. Bc1 a6 20. f3 Nh4 21. h3 Rxe1 22. Rxe1 Re8 23. Rxe8+ Qxe8 24. Qf2 g5 25. f4 Qe4 26. fxg5 fxg5 27. Bxg5 Nxg2 28. Bd2 Nh4 29. a3 Kg7 30. Ka2 Ng6 31. Qg3 h4 32. Qg5 Qf3 33. Qh6+ Kg8 34. Bg5 a5 35. a4 bxa4 36. Bxh4 Qxh3 37. Bg5 Qf1 38. Qh2 Qc4+ 39. Ka1 Qf1+ 40. Ka2 Qc4+ 41. Ka1 a3 42. Bd8 axb2+ 43. Qxb2 f5 44. Bxa5 Qa4+ 45. Qa2 Qxa2+ 46. Kxa2 f4 47. Bc7 f3 48. Bg3 Ne7 49. Kb3 Nf5 50. Bf2 Nd6 51. Kc2 Kf7 52. Kb3 Ke6 53. Kb4 Kf5 54. Be1 Ke4 55. Kc5 Nc4 56. Bh4 Ne3 57. Be1 Kd3 58. Bf2 Nd1 59. Be1 Nxc3 60. Bh4 Ke4 61. Be1 Nd1 0-1

[Event "Gibraltar Masters 18th"]
[Site "Caleta"]
[Date "2020.01.24"]
[Round "4"]
[White "Gonzalez Gonzalez, Alfonso"]
[Black "Hedman, Erik"]
[Result "0-1"]
[WhiteElo "2100"]
[BlackElo "2376"]
[PlyCount "64"]
[EventDate "2020.01.21"]
[EventType "swiss"]
[EventRounds "10"]
[EventCountry "GGB"]
[SourceTitle "CBM 194 Extra"]
[Source "ChessBase"]
[SourceDate "2020.03.31"]
[SourceVersion "1"]
[SourceVersionDate "2020.03.31"]
[SourceQuality "1"]

1. e4 c5 2. Nf3 Nc6 3. d4 cxd4 4. Nxd4 Nf6 5. Nc3 d6 6. Bg5 e6 7. Be2 h6 8. Be3 Be7 9. Qd2 a6 10. f4 Bd7 11. Nxc6 Bxc6 12. Bf3 Qc7 13. 0-0 b5 14. a3 Rc8 15. Qf2 Qb7 16. Qg3 g6 17. f5 gxf5 18. exf5 e5 19. Rad1 a5 20. Rd2 b4 21. Na4 Rg8 22. Qh3 e4 23. Nb6 exf3 24. Nxc8 Rxg2+ 25. Rxg2 fxg2 26. Nxd6+ Bxd6 27. Re1 Kd7 28. a4 h5 29. Bd4 Ng4 30. f6 Qc7 31. Re7+ Bxe7 32. fxe7 Qf4 0-1

[Event "Gibraltar Masters 18th"]
[Site "Caleta"]
[Date "2020.01.21"]
[Round "1"]
[White "Hedman, Erik"]
[Black "Matlakov, Maxim"]
[Result "1/2-1/2"]
[WhiteElo "2376"]
[BlackElo "2698"]
[PlyCount "86"]
[EventDate "2020.01.21"]
[EventType "swiss"]
[EventRounds "10"]
[EventCountry "GGB"]
[SourceTitle "CBM 194 Extra"]
[Source "ChessBase"]
[SourceDate "2020.03.31"]
[SourceVersion "1"]
[SourceVersionDate "2020.03.31"]
[SourceQuality "1"]

1. d4 Nf6 2. c4 e6 3. Nf3 a6 4. Nc3 d5 5. cxd5 exd5 6. Bg5 Be6 7. e3 Nbd7 8. Bd3 Bd6 9. 0-0 c6 10. Qc2 Qc7 11. Bf5 Bxf5 12. Qxf5 0-0 13. Bh4 g6 14. Qh3 Rfe8 15. Rac1 Kg7 16. Bg3 h6 17. Ne1 Nb6 18. Nd3 Nc4 19. Rfe1 Bxg3 20. Qxg3 Qe7 21. b3 Nd6 22. f3 Rad8 23. Qf2 h5 24. h3 Nb5 25. Na4 Nd7 26. g4 Rh8 27. Nf4 Rde8 28. Nb2 Rh7 29. Kg2 Reh8 30. Rh1 a5 31. gxh5 g5 32. Ne2 Nd6 33. Ng3 Nf6 34. e4 dxe4 35. Nc4 Kg8 36. Nxd6 Qxd6 37. fxe4 Nxh5 38. Nxh5 Rxh5 39. Rc5 Kg7 40. Rxa5 b5 41. Ra7 Qe6 42. Qe3 Kg6 43. Ra6 Rh4 1/2-1/2

[Event "Riga Tech op-A"]
[Site "Riga"]
[Date "2019.08.11"]
[Round "9"]
[White "Hedman, Erik"]
[Black "Bulmaga, Irina"]
[Result "0-1"]
[WhiteElo "2373"]
[BlackElo "2444"]
[PlyCount "52"]
[EventDate "2019.08.05"]
[EventType "swiss"]
[EventRounds "9"]
[EventCountry "LAT"]
[SourceTitle "CBM 191 Extra"]
[Source "ChessBase"]
[SourceDate "2019.09.30"]
[SourceVersion "1"]
[SourceVersionDate "2019.09.30"]
[SourceQuality "1"]

1. d4 Nf6 2. c4 e6 3. Nf3 d5 4. g3 Bb4+ 5. Bd2 Be7 6. Bg2 0-0 7. 0-0 c6 8. Qc2 a5 9. Bf4 Nbd7 10. Rd1 Nh5 11. Bc1 b5 12. Ne5 Bb7 13. cxb5 cxb5 14. Nc6 Bxc6 15. Qxc6 Rb8 16. e4 dxe4 17. Nc3 Nhf6 18. Nxe4 Nxe4 19. Bxe4 Nf6 20. Bf4 Rc8 21. Qb7 g5 22. Bd2 Rc7 23. Qxb5 Nxe4 24. Bxa5 Qd7 25. Qe5 Ra7 26. b4 Nc3 0-1

[Event "Dubai op 21st"]
[Site "Dubai"]
[Date "2019.04.06"]
[Round "5"]
[White "Hedman, Erik"]
[Black "Sanal, Vahap"]
[Result "0-1"]
[WhiteElo "2385"]
[BlackElo "2511"]
[PlyCount "62"]
[EventDate "2019.04.01"]
[EventType "swiss"]
[EventRounds "9"]
[EventCountry "UAE"]
[SourceTitle "CBM 189 Extra"]
[Source "ChessBase"]
[SourceDate "2019.06.03"]
[SourceVersion "1"]
[SourceVersionDate "2019.06.03"]
[SourceQuality "1"]

1. d4 Nf6 2. c4 e6 3. Nf3 b6 4. a3 Bb7 5. Nc3 d5 6. cxd5 Nxd5 7. Qc2 Be7 8. e4 Nxc3 9. bxc3 0-0 10. Bd3 c5 11. 0-0 Qc8 12. Qe2 Ba6 13. Rd1 Bxd3 14. Rxd3 Nd7 15. e5 h6 16. Ne1 f5 17. h4 Kh7 18. Nf3 c4 19. Rd1 Qc6 20. d5 exd5 21. Nd4 Qg6 22. h5 Qg4 23. Nf3 Qe4 24. Qxe4 fxe4 25. Rxd5 exf3 26. Rxd7 Bc5 27. e6 Rae8 28. e7 Rxe7 29. Rxe7 Bxe7 30. Be3 fxg2 31. a4 Rf5 0-1

[Event "Dubai op 21st"]
[Site "Dubai"]
[Date "2019.04.04"]
[Round "4"]
[White "Hedman, Erik"]
[Black "Ahmad, Al Romaithi"]
[Result "1-0"]
[WhiteElo "2385"]
[BlackElo "1763"]
[PlyCount "59"]
[EventDate "2019.04.01"]
[EventType "swiss"]
[EventRounds "9"]
[EventCountry "UAE"]
[SourceTitle "CBM 189 Extra"]
[Source "ChessBase"]
[SourceDate "2019.06.03"]
[SourceVersion "1"]
[SourceVersionDate "2019.06.03"]
[SourceQuality "1"]

1. d4 Nf6 2. c4 g6 3. Nc3 Bg7 4. e4 d6 5. Nf3 0-0 6. Be2 e5 7. 0-0 Nc6 8. d5 Ne7 9. b4 a5 10. Ba3 axb4 11. Bxb4 b6 12. a4 Nh5 13. a5 bxa5 14. Rxa5 Rb8 15. Rb5 Bd7 16. Rxb8 Qxb8 17. Qb1 Nf4 18. c5 Bg4 19. Bd1 dxc5 20. Bxc5 Qxb1 21. Nxb1 Rb8 22. Nxe5 Bxd1 23. Rxd1 Nexd5 24. Nc6 Rb2 25. exd5 Rc2 26. Be3 Nh5 27. Na3 Ra2 28. Nb5 Nf6 29. Nxc7 Rc2 30. f3 1-0

[Event "Dubai op 21st"]
[Site "Dubai"]
[Date "2019.04.03"]
[Round "3"]
[White "Sri, Sai Baswanth P"]
[Black "Hedman, Erik"]
[Result "0-1"]
[WhiteElo "2018"]
[BlackElo "2385"]
[PlyCount "60"]
[EventDate "2019.04.01"]
[EventType "swiss"]
[EventRounds "9"]
[EventCountry "UAE"]
[SourceTitle "CBM 189 Extra"]
[Source "ChessBase"]
[SourceDate "2019.06.03"]
[SourceVersion "1"]
[SourceVersionDate "2019.06.03"]
[SourceQuality "1"]

1. e4 c6 2. d4 d5 3. exd5 cxd5 4. Bd3 Nc6 5. c3 Qc7 6. Ne2 Bg4 7. 0-0 e6 8. Qe1 Nf6 9. f3 Bh5 10. Qh4 Bg6 11. Bxg6 fxg6 12. Nf4 Kf7 13. g4 h6 14. Nd3 Bd6 15. f4 g5 16. Qe1 Rae8 17. Ne5+ Kg8 18. h3 gxf4 19. Bxf4 Ne4 20. Ng6 e5 21. dxe5 Nxe5 22. Nxe5 Bxe5 23. Qe3 h5 24. Qd3 Qd6 25. Qb5 Rf8 26. Bxe5 Rxf1+ 27. Qxf1 Qxe5 28. Qg2 hxg4 29. hxg4 Ng3 30. Qf2 Ne2+ 0-1